10 Actors, 3 Decades III Quiz Stats

 Plays Quiz Updated Sep 17, 2016

Challenge
Share
Tweet
Score 0/30 Timer 07:00
7 Plays Today
% Correct
Bruce Almighty
90.2%
DodgeBall: A True Underdog Story
85.9%
The Truman Show
84.8%
Se7en
80.2%
There's Something About Mary
79.8%
Zoolander 2
79.7%
Milk
78.6%
The Hunger Games
76%
Zombieland
74.9%
The Dark Knight Rises
72.2%
Con Air
67.8%
Point Break
65.7%
Moulin Rouge!
65.5%
Mr. Popper's Penguins
64.2%
The Fighter
62.9%
% Correct
Training Day
62.7%
Trainspotting
61.8%
Natural Born Killers
58.2%
Me, Myself & Irene
56%
John Wick
54.7%
Dead Man Walking
52.6%
Boogie Nights
50.7%
Boyhood
46.8%
The Italian Job
46.2%
The Secret Life of Walter Mitty
42.9%
Kick-Ass
37.8%
The Lake House
37.6%
Gattaca
33.1%
Adaptation.
30.9%
Mortdecai
22.5%

You're not logged in!

Compare scores with friends on all Sporcle quizzes.
OR
Log In

You Might Also Like...

Show Comments

Extras

Top Quizzes Today


Score Distribution

Your Account Isn't Verified!

In order to create a playlist on Sporcle, you need to verify the email address you used during registration. Go to your Sporcle Settings to finish the process.

Report this User

Report this user for behavior that violates our Community Guidelines.

Details: